Rozponaj zawodnika FC Barcelony #11 - Statystyki

Ogólne statystyki
  • Ten quiz został rozwiązany 44 razy
  • Średni wynik to 7 z 16
Statystyki odpowiedzi
Obrazkowy Odpowiedź % Poprawnych
Neymar
93%
Dani Olmo
89%
Samuel Umtiti
86%
Luís Figo
82%
Víctor Valdés
79%
Luuk de Jong
75%
Nélson Semedo
46%
André Gomes
39%
Gheorghe Hagi
21%
Lilian Thuram
21%
Marc Overmars
21%
Cristian Tello
18%
Martín Montoya
18%
Edmílson
14%
Maxi López
14%
Sylvinho
7%
Nie znaleziono quizów pasujących do podanych kryteriów
Rozkład punktacji
Procent ludzi z każdym wynikiem
Percentyl według liczby udzielonych odpowiedzi
Twoja historia wyników
Nie rozwiązałeś tego quizu